Sports Logo Silhouettes II Quiz Stats

 Plays Quiz Updated Jul 7, 2021

Support Sporcle.
Go Orange.
Score 0/32 Timer 05:00
9 Plays Today
% Correct
San Francisco Giants
97.6%
Los Angeles Lakers
96.8%
Carolina Panthers
96.4%
New England Patriots
96%
Atlanta Falcons
94%
Miami Heat
93.7%
Arizona Cardinals
93.7%
Philadelphia Eagles
92.2%
Denver Broncos
91.9%
Pittsburgh Pirates
89.6%
Los Angeles Angels
87.9%
Milwaukee Bucks
83.5%
Memphis Grizzlies
78%
Kansas City Royals
77.1%
Calgary Flames
76.1%
Portland Trail Blazers
75.8%
% Correct
Indiana Pacers
75.1%
Charlotte Hornets
73.9%
Cleveland Browns
73%
Tampa Bay Rays
71.7%
Edmonton Oilers
70.7%
Anaheim Ducks
66.6%
Cincinnati Reds
60.8%
Ottawa Senators
53.3%
Montreal Canadiens
52%
Florida Panthers
44.6%
Phoenix Suns
42.6%
Columbus Blue Jackets
36.4%
Colorado Rockies
29.4%
Los Angeles Kings
25.4%
Vegas Golden Knights
21.6%
Brooklyn Nets
20%

You're not logged in!

Compare scores with friends on all Sporcle quizzes.
OR
Log In
Forgot?

From the Vault

Big 4 Teams with 'V'

by eyes355

'V' may be 22nd in the alphabet, but it's number one in our hearts.
Remove Ads.
Support Sporcle.
Get the best of Sporcle when you Go Orange. This ad-free experience offers more features, more stats, and more fun while also helping to support Sporcle. Thank you for becoming a member.

Show Comments

Extras

Top Quizzes Today


Score Distribution

Your Account Isn't Verified!

In order to create a playlist on Sporcle, you need to verify the email address you used during registration. Go to your Sporcle Settings to finish the process.

Report this User

Report this user for behavior that violates our Community Guidelines.

Details: